000 00502nam a2200181Ia 4500
005 20250508152827.0
008 008 250505s9999 xx 000 0 eng d
037 _aTextual
040 _aFEDL
_beng
_cFEDL
041 _aeng
_2eng
084 _a428.6, LAM
_qFEDL
100 _aLamb G F
245 0 _aComprehension exercises : For lower forms
260 _aLondon, UK
_bGeorge G Harrap and Co Ltd.
_c1960
300 _a123p.
942 _cTEXL
_h428.6, LAM
999 _c1339015
_d1339015